[Event "EYCC 2024 - G12"]
[Site "?"]
[Date "2024.08.24"]
[Round "3.1"]
[White "Matskevich, Varvara"]
[Black "Tolmaceva, Alona"]
[Result "1-0"]
[BlackElo "1766"]
[WhiteElo "1956"]
[LiveChessVersion "1.4.8"]

1. e4 {[%clk 1:30:59]} c5 {[%clk 1:30:49]} 2. Nf3 {[%clk 1:31:15]} a6
{[%clk 1:30:23]} 3. c3 {[%clk 1:30:09]} d6 {[%clk 1:25:40]} 4. Be2
{[%clk 1:26:55]} Nf6 {[%clk 1:24:57]} 5. O-O {[%clk 1:26:32]} Nc6
{[%clk 1:24:49]} 6. d4 {[%clk 1:26:18]} Bg4 {[%clk 1:07:57]} 7. Be3
{[%clk 1:20:17]} e5 {[%clk 1:01:56]} 8. Nbd2 {[%clk 1:13:10]} Be7
{[%clk 0:53:51]} 9. d5 {[%clk 1:04:40]} Nb8 {[%clk 0:45:27]} 10. b4
{[%clk 1:03:03]} cxb4 {[%clk 0:39:56]} 11. cxb4 {[%clk 1:03:02]} Nbd7
{[%clk 0:39:14]} 12. a4 {[%clk 1:00:58]} O-O {[%clk 0:38:36]} 13. Qb3
{[%clk 0:59:18]} Bh5 {[%clk 0:35:15]} 14. h3 {[%clk 0:58:03]} h6 {[%clk 0:33:02]}
15. b5 {[%clk 0:56:24]} Nc5 {[%clk 0:26:36]} 16. Bxc5 {[%clk 0:53:11]} dxc5
{[%clk 0:26:49]} 17. bxa6 {[%clk 0:53:26]} bxa6 {[%clk 0:27:00]} 18. Qe3
{[%clk 0:47:09]} Bd6 {[%clk 0:25:28]} 19. Nc4 {[%clk 0:45:31]} Qc7
{[%clk 0:22:32]} 20. a5 {[%clk 0:42:59]} Bg6 {[%clk 0:21:01]} 21. Nfd2
{[%clk 0:42:22]} Nd7 {[%clk 0:20:23]} 22. Bd1 {[%clk 0:39:03]} f5
{[%clk 0:16:31]} 23. Ba4 {[%clk 0:36:39]} Nf6 {[%clk 0:16:11]} 24. f3
{[%clk 0:29:12]} Rab8 {[%clk 0:14:33]} 25. Nxd6 {[%clk 0:23:36]} Qxd6
{[%clk 0:14:58]} 26. Nc4 {[%clk 0:22:03]} Qe7 {[%clk 0:14:23]} 27. exf5
{[%clk 0:20:12]} Bxf5 {[%clk 0:14:16]} 28. Bc6 {[%clk 0:19:31]} e4
{[%clk 0:12:41]} 29. fxe4 {[%clk 0:16:08]} Nxe4 {[%clk 0:08:41]} 30. d6
{[%clk 0:13:48]} Qe6 {[%clk 0:08:25]} 31. Rxf5 {[%clk 0:12:46]} Qxf5
{[%clk 0:08:25]} 32. Qxe4 {[%clk 0:12:56]} Qf2+ {[%clk 0:06:44]} 33. Kh2
{[%clk 0:13:02]} Rb3 {[%clk 0:02:49]} 34. Bd5+ {[%clk 0:12:27]} Kh8
{[%clk 0:03:11]} 35. Ne5 {[%clk 0:11:43]} Qg3+ {[%clk 0:01:57]} 36. Kg1
{[%clk 0:11:18]} Qf2+ {[%clk 0:01:37]} 37. Kh1 {[%clk 0:11:34]} Rg3
{[%clk 0:01:24]} 38. Rg1 {[%clk 0:10:36]} Rf5 {[%clk 0:00:58]} 39. d7
{[%clk 0:10:20]} 1-0

[Event "EYCC 2024 - G12"]
[Site "?"]
[Date "2024.08.24"]
[Round "3.2"]
[White "Owczarek, Hanna"]
[Black "Kaminska, Zuzanna"]
[Result "0-1"]
[BlackElo "1848"]
[WhiteElo "1742"]
[LiveChessVersion "1.4.8"]

1. e4 {[%clk 1:30:56]} e5 {[%clk 1:30:55]} 2. Nf3 {[%clk 1:31:18]} Nc6
{[%clk 1:31:17]} 3. Bb5 {[%clk 1:31:37]} a6 {[%clk 1:31:39]} 4. Ba4
{[%clk 1:31:55]} Nf6 {[%clk 1:31:59]} 5. O-O {[%clk 1:32:15]} Be7
{[%clk 1:31:48]} 6. Re1 {[%clk 1:32:23]} b5 {[%clk 1:32:03]} 7. Bb3
{[%clk 1:32:45]} O-O {[%clk 1:32:18]} 8. a4 {[%clk 1:33:09]} b4 {[%clk 1:30:52]}
9. d3 {[%clk 1:33:06]} d6 {[%clk 1:29:44]} 10. c3 {[%clk 1:29:48]} Rb8
{[%clk 1:24:33]} 11. Nbd2 {[%clk 1:22:03]} bxc3 {[%clk 1:08:55]} 12. bxc3
{[%clk 1:22:14]} d5 {[%clk 1:02:00]} 13. exd5 {[%clk 0:57:08]} Nxd5
{[%clk 1:01:56]} 14. Bxd5 {[%clk 0:54:46]} Qxd5 {[%clk 1:02:11]} 15. Nc4
{[%clk 0:54:44]} Bf6 {[%clk 0:58:30]} 16. Ne3 {[%clk 0:45:01]} Qb3
{[%clk 0:55:55]} 17. Bd2 {[%clk 0:39:56]} Qxd1 {[%clk 0:49:47]} 18. Rexd1
{[%clk 0:39:11]} Rd8 {[%clk 0:46:17]} 19. Ne1 {[%clk 0:32:10]} Be6
{[%clk 0:44:07]} 20. a5 {[%clk 0:25:06]} Rb5 {[%clk 0:38:20]} 21. c4
{[%clk 0:22:32]} Rb3 {[%clk 0:37:32]} 22. Rac1 {[%clk 0:16:46]} Nd4
{[%clk 0:34:12]} 23. Kf1 {[%clk 0:14:13]} Be7 {[%clk 0:31:47]} 24. N3c2
{[%clk 0:10:56]} Nxc2 {[%clk 0:26:14]} 25. Rxc2 {[%clk 0:10:15]} Bf5
{[%clk 0:25:11]} 26. Bc3 {[%clk 0:08:02]} e4 {[%clk 0:21:38]} 27. d4
{[%clk 0:06:18]} e3 {[%clk 0:20:36]} 28. Nd3 {[%clk 0:04:22]} exf2
{[%clk 0:19:27]} 29. Kxf2 {[%clk 0:02:40]} Bf6 {[%clk 0:18:43]} 30. Rcc1
{[%clk 0:01:25]} Rxc3 {[%clk 0:18:21]} 31. Ne5 {[%clk 0:00:40]} Rxc1
{[%clk 0:17:40]} 32. Rxc1 {[%clk 0:00:59]} Rxd4 {[%clk 0:17:00]} 33. Nf3
{[%clk 0:01:16]} Rd3 {[%clk 0:16:51]} 34. Re1 {[%clk 0:01:08]} Kf8
{[%clk 0:16:46]} 35. h3 {[%clk 0:01:23]} Be6 {[%clk 0:15:34]} 36. c5
{[%clk 0:01:22]} Rc3 {[%clk 0:14:57]} 37. Rb1 {[%clk 0:00:52]} Rxc5
{[%clk 0:14:41]} 38. Rb7 {[%clk 0:01:09]} Rxa5 {[%clk 0:13:30]} 39. Rxc7
{[%clk 0:01:30]} Ra2+ {[%clk 0:13:51]} 40. Kg1 {[%clk 0:01:22]} a5
{[%clk 0:14:01]} 41. g4 {[%clk 0:01:42]} g5 {[%clk 0:14:03]} 42. h4
{[%clk 0:01:17]} h6 {[%clk 0:14:27]} 43. hxg5 {[%clk 0:01:15]} hxg5
{[%clk 0:14:49]} 44. Rb7 {[%clk 0:01:24]} a4 {[%clk 0:14:59]} 45. Rb5
{[%clk 0:01:45]} a3 {[%clk 0:15:04]} 46. Nxg5 {[%clk 0:01:51]} Bxg5
{[%clk 0:14:59]} 47. Rxg5 {[%clk 0:02:09]} Ra1+ {[%clk 0:15:22]} 48. Kh2
{[%clk 0:02:33]} a2 {[%clk 0:15:44]} 49. Ra5 {[%clk 0:02:56]} Rb1
{[%clk 0:16:01]} 50. Rxa2 {[%clk 0:03:02]} Bxa2 {[%clk 0:16:23]} 51. Kg3
{[%clk 0:03:27]} Rb4 {[%clk 0:16:46]} 52. Kh4 {[%clk 0:03:52]} Be6
{[%clk 0:17:07]} 53. Kg5 {[%clk 0:04:17]} Rxg4+ {[%clk 0:16:21]} 54. Kf6
{[%clk 0:04:40]} Rg6+ {[%clk 0:16:33]} 55. Ke5 {[%clk 0:05:05]} Ke7
{[%clk 0:16:56]} 56. Kf4 {[%clk 0:05:30]} Rg4+ {[%clk 0:17:12]} 57. Ke5
{[%clk 0:05:37]} f6# {[%clk 0:17:35]} 0-1

[Event "EYCC 2024 - G12"]
[Site "?"]
[Date "2024.08.24"]
[Round "3.3"]
[White "Mataczyna, Aleksandra"]
[Black "Jordan, Christina"]
[Result "1/2-1/2"]
[BlackElo "1811"]
[WhiteElo "1720"]
[LiveChessVersion "1.4.8"]

1. e4 {[%clk 1:30:58]} c5 {[%clk 1:30:54]} 2. Nf3 {[%clk 1:31:21]} d6
{[%clk 1:31:12]} 3. d4 {[%clk 1:31:42]} cxd4 {[%clk 1:31:36]} 4. Nxd4
{[%clk 1:32:07]} Nf6 {[%clk 1:31:56]} 5. Nc3 {[%clk 1:32:32]} a6 {[%clk 1:32:09]}
6. Be2 {[%clk 1:32:59]} e5 {[%clk 1:32:15]} 7. Nb3 {[%clk 1:33:19]} Be7
{[%clk 1:32:39]} 8. O-O {[%clk 1:33:36]} O-O {[%clk 1:28:59]} 9. f4
{[%clk 1:33:07]} Nbd7 {[%clk 1:25:12]} 10. Kh1 {[%clk 1:29:27]} b5
{[%clk 1:20:37]} 11. Nd5 {[%clk 1:22:06]} Nxd5 {[%clk 1:18:49]} 12. exd5
{[%clk 1:18:03]} Bb7 {[%clk 1:13:54]} 13. f5 {[%clk 1:06:21]} Nf6
{[%clk 1:08:08]} 14. Bf3 {[%clk 1:03:59]} e4 {[%clk 1:06:45]} 15. Be2
{[%clk 1:03:16]} Nxd5 {[%clk 1:03:23]} 16. Nd4 {[%clk 1:01:02]} Bg5
{[%clk 0:58:29]} 17. a4 {[%clk 0:59:28]} Bxc1 {[%clk 0:50:25]} 18. Qxc1
{[%clk 0:59:49]} b4 {[%clk 0:49:57]} 19. a5 {[%clk 0:58:48]} Qf6 {[%clk 0:46:33]}
20. Qd2 {[%clk 0:57:01]} Qe5 {[%clk 0:39:22]} 21. Rad1 {[%clk 0:47:33]} e3
{[%clk 0:34:11]} 22. Qe1 {[%clk 0:44:02]} Nf4 {[%clk 0:33:23]} 23. Nf3
{[%clk 0:41:16]} Bxf3 {[%clk 0:32:26]} 24. Rxf3 {[%clk 0:39:22]} d5
{[%clk 0:30:10]} 25. Qg3 {[%clk 0:36:59]} Qxb2 {[%clk 0:27:44]} 26. Qxf4
{[%clk 0:18:26]} Qxc2 {[%clk 0:27:06]} 27. Rxe3 {[%clk 0:16:08]} b3
{[%clk 0:23:46]} 28. Qf1 {[%clk 0:07:15]} b2 {[%clk 0:17:55]} 29. Bd3
{[%clk 0:07:18]} Qa4 {[%clk 0:14:02]} 30. Rh3 {[%clk 0:03:40]} Rfc8
{[%clk 0:10:24]} 31. Rb1 {[%clk 0:02:37]} Rab8 {[%clk 0:08:31]} 32. Re3
{[%clk 0:01:22]} Qd4 {[%clk 0:07:13]} 33. Ree1 {[%clk 0:01:14]} h6
{[%clk 0:06:25]} 34. Red1 {[%clk 0:01:14]} Qc5 {[%clk 0:06:23]} 35. Qe1
{[%clk 0:00:35]} Re8 {[%clk 0:05:34]} 36. Qd2 {[%clk 0:00:53]} Qd4
{[%clk 0:04:35]} 37. Bxa6 {[%clk 0:01:00]} Qxd2 {[%clk 0:05:00]} 38. Rxd2
{[%clk 0:01:22]} Re1+ {[%clk 0:05:20]} 39. Rxe1 {[%clk 0:01:20]} b1=Q
{[%clk 0:05:46]} 40. Rdd1 {[%clk 0:01:37]} Qb4 {[%clk 0:05:15]} 41. Ra1
{[%clk 0:01:21]} Ra8 {[%clk 0:05:24]} 42. Reb1 {[%clk 0:01:03]} Qe4
{[%clk 0:04:32]} 43. Re1 {[%clk 0:00:45]} Qb4 {[%clk 0:03:27]} 44. Reb1
{[%clk 0:00:58]} Qc3 {[%clk 0:03:08]} 45. Rc1 {[%clk 0:01:11]} Qb2
{[%clk 0:02:20]} 46. Rcb1 {[%clk 0:01:09]} Qc3 {[%clk 0:02:15]} 47. Rc1
{[%clk 0:01:28]} Qb4 {[%clk 0:02:11]} 48. Rcb1 {[%clk 0:01:50]} 1/2-1/2

[Event "EYCC 2024 - G12"]
[Site "?"]
[Date "2024.08.24"]
[Round "3.4"]
[White "Alcantara, Levanah"]
[Black "Mrad, Anahid"]
[Result "1-0"]
[BlackElo "1690"]
[WhiteElo "1807"]
[LiveChessVersion "1.4.8"]

1. d4 {[%clk 1:30:50]} Nf6 {[%clk 1:30:47]} 2. c4 {[%clk 1:29:51]} c6
{[%clk 1:31:10]} 3. Bf4 {[%clk 1:26:43]} d5 {[%clk 1:30:17]} 4. cxd5
{[%clk 1:26:12]} cxd5 {[%clk 1:29:43]} 5. e3 {[%clk 1:25:50]} Bf5
{[%clk 1:27:45]} 6. Qb3 {[%clk 1:22:27]} Qc8 {[%clk 1:03:55]} 7. Nc3
{[%clk 1:20:17]} e6 {[%clk 0:59:18]} 8. Nf3 {[%clk 1:17:48]} Be7 {[%clk 0:58:45]}
9. Bxb8 {[%clk 1:13:16]} Rxb8 {[%clk 0:56:58]} 10. Bb5+ {[%clk 1:13:32]} Nd7
{[%clk 0:56:53]} 11. Ne5 {[%clk 1:13:37]} O-O {[%clk 0:52:58]} 12. Nxd7
{[%clk 1:13:44]} a6 {[%clk 0:51:53]} 13. Nb6 {[%clk 1:04:33]} Qc7
{[%clk 0:46:47]} 14. Ba4 {[%clk 1:03:40]} Bd8 {[%clk 0:45:36]} 15. Nd7
{[%clk 1:01:35]} b5 {[%clk 0:43:52]} 16. Nxb8 {[%clk 1:01:13]} bxa4
{[%clk 0:43:28]} 17. Qb4 {[%clk 0:50:02]} Be7 {[%clk 0:41:02]} 18. Nxa6
{[%clk 0:49:09]} Bxb4 {[%clk 0:40:34]} 19. Nxc7 {[%clk 0:49:26]} a3
{[%clk 0:40:20]} 20. O-O-O {[%clk 0:45:01]} axb2+ {[%clk 0:35:01]} 21. Kxb2
{[%clk 0:44:46]} Bxc3+ {[%clk 0:32:37]} 22. Kxc3 {[%clk 0:44:46]} Rc8
{[%clk 0:32:51]} 23. Kd2 {[%clk 0:44:19]} Rxc7 {[%clk 0:31:22]} 24. Rc1
{[%clk 0:44:14]} Rxc1 {[%clk 0:30:24]} 25. Rxc1 {[%clk 0:44:36]} h6
{[%clk 0:30:15]} 26. a4 {[%clk 0:44:54]} e5 {[%clk 0:28:27]} 27. a5
{[%clk 0:44:44]} Bd7 {[%clk 0:26:22]} 28. a6 {[%clk 0:45:04]} Bb5
{[%clk 0:25:28]} 29. a7 {[%clk 0:45:26]} 1-0

[Event "EYCC 2024 - G12"]
[Site "?"]
[Date "2024.08.24"]
[Round "3.5"]
[White "Illes-Nagy, Nora"]
[Black "Svitenko, Solomiia"]
[Result "1/2-1/2"]
[BlackElo "1686"]
[WhiteElo "1792"]
[LiveChessVersion "1.4.8"]

1. d4 {[%clk 1:30:58]} d5 {[%clk 1:30:56]} 2. c4 {[%clk 1:31:22]} e6
{[%clk 1:31:23]} 3. Nc3 {[%clk 1:31:47]} Be7 {[%clk 1:31:44]} 4. Nf3
{[%clk 1:31:01]} Nf6 {[%clk 1:31:34]} 5. cxd5 {[%clk 1:31:07]} exd5
{[%clk 1:31:45]} 6. Bg5 {[%clk 1:31:08]} c6 {[%clk 1:31:19]} 7. Qc2
{[%clk 1:29:58]} h6 {[%clk 1:26:06]} 8. Bh4 {[%clk 1:28:59]} g6 {[%clk 1:25:52]}
9. e3 {[%clk 1:24:18]} Bf5 {[%clk 1:26:08]} 10. Bd3 {[%clk 1:21:24]} Bxd3
{[%clk 1:26:27]} 11. Qxd3 {[%clk 1:21:41]} O-O {[%clk 1:26:19]} 12. Ne5
{[%clk 1:15:47]} Kg7 {[%clk 1:23:13]} 13. O-O {[%clk 1:12:37]} Nbd7
{[%clk 1:13:04]} 14. Nxd7 {[%clk 1:09:14]} Qxd7 {[%clk 1:13:10]} 15. Rab1
{[%clk 1:00:39]} a5 {[%clk 1:12:05]} 16. a3 {[%clk 0:58:15]} a4 {[%clk 1:10:44]}
17. Rfc1 {[%clk 0:56:21]} Rfe8 {[%clk 1:04:40]} 18. Qc2 {[%clk 0:49:09]} b5
{[%clk 1:04:01]} 19. Na2 Rac8 {[%clk 1:01:02]} 20. Bxf6+ {[%clk 0:40:42]} Kxf6
{[%clk 0:57:16]} 21. Qc3 {[%clk 0:35:20]} Kg7 {[%clk 0:46:55]} 22. Nb4
{[%clk 0:32:39]} Bxb4 {[%clk 0:46:14]} 23. Qxb4 {[%clk 0:32:23]} Qf5
{[%clk 0:43:34]} 24. Qc5 {[%clk 0:29:18]} Qd3 {[%clk 0:39:15]} 25. Qc2
{[%clk 0:26:00]} Qxc2 {[%clk 0:33:57]} 26. Rxc2 {[%clk 0:26:21]} Re7
{[%clk 0:34:09]} 27. Rc5 {[%clk 0:25:39]} Kf6 {[%clk 0:34:17]} 28. Rbc1
{[%clk 0:25:28]} Rec7 {[%clk 0:34:02]} 29. Kf1 {[%clk 0:24:40]} Ke6
{[%clk 0:33:33]} 30. Ke2 {[%clk 0:23:39]} f5 {[%clk 0:33:15]} 31. g3
{[%clk 0:20:36]} Kd6 {[%clk 0:33:06]} 32. R1c2 {[%clk 0:20:15]} Rb7
{[%clk 0:32:46]} 33. Kd2 {[%clk 0:19:11]} Rb6 {[%clk 0:32:11]} 34. Kc3
{[%clk 0:15:26]} Rcb8 {[%clk 0:31:29]} 35. Kd2 {[%clk 0:15:05]} Ra8
{[%clk 0:31:35]} 36. Ke2 {[%clk 0:12:38]} Raa6 {[%clk 0:30:59]} 37. Kd2
{[%clk 0:10:25]} b4 {[%clk 0:30:01]} 38. axb4 {[%clk 0:10:06]} Rxb4
{[%clk 0:30:23]} 39. Kc1 {[%clk 0:08:25]} Rab6 {[%clk 0:29:30]} 40. h4
{[%clk 0:07:09]} h5 {[%clk 0:29:10]} 41. R5c3 {[%clk 0:05:33]} Rb3
{[%clk 0:28:23]} 42. Rc5 {[%clk 0:04:56]} a3 {[%clk 0:27:38]} 43. bxa3
{[%clk 0:05:12]} Rxa3 {[%clk 0:28:01]} 44. Kd2 {[%clk 0:04:45]} Raa6
{[%clk 0:27:14]} 45. Ke2 {[%clk 0:04:26]} Ke6 {[%clk 0:27:37]} 46. Kf3
{[%clk 0:04:23]} Kf7 {[%clk 0:24:02]} 47. Kf4 {[%clk 0:04:08]} Kf6
{[%clk 0:24:00]} 48. R5c3 {[%clk 0:03:43]} Ke6 {[%clk 0:22:48]} 49. Kg5
{[%clk 0:03:10]} Kf7 {[%clk 0:23:13]} 50. Rc5 {[%clk 0:03:01]} Kg7
{[%clk 0:23:16]} 51. Kf4 {[%clk 0:02:59]} Kf6 {[%clk 0:23:36]} 52. f3
{[%clk 0:01:45]} Ke6 {[%clk 0:21:25]} 53. g4 {[%clk 0:01:48]} fxg4
{[%clk 0:20:57]} 54. fxg4 {[%clk 0:02:15]} hxg4 {[%clk 0:19:44]} 55. Kxg4
{[%clk 0:02:43]} Kf6 {[%clk 0:19:21]} 56. R2c3 {[%clk 0:02:31]} Kg7
{[%clk 0:17:32]} 57. Kg5 {[%clk 0:02:08]} Kh7 {[%clk 0:17:27]} 58. Rc2
{[%clk 0:02:08]} Kg7 {[%clk 0:17:38]} 59. R5c3 {[%clk 0:02:09]} Kh7
{[%clk 0:16:29]} 60. Rf2 {[%clk 0:01:53]} Rb1 {[%clk 0:12:29]} 61. Rf7+
{[%clk 0:01:58]} Kg8 {[%clk 0:12:57]} 62. Rc7 {[%clk 0:01:45]} Rg1+
{[%clk 0:12:36]} 63. Kf4 {[%clk 0:01:45]} Rf1+ {[%clk 0:11:05]} 64. Ke5
{[%clk 0:01:22]} Rf5+ {[%clk 0:11:24]} 65. Kd6 {[%clk 0:01:32]} Rf6+
{[%clk 0:09:23]} 66. Kc5 {[%clk 0:01:53]} Ra4 {[%clk 0:04:19]} 67. Rb7
{[%clk 0:01:20]} Re6 {[%clk 0:03:54]} 68. Rb4 {[%clk 0:01:30]} Rxb4
{[%clk 0:03:12]} 69. Kxb4 {[%clk 0:01:58]} Kh7 {[%clk 0:03:13]} 70. Kc5
{[%clk 0:01:44]} Kh6 {[%clk 0:02:51]} 71. Kb6 {[%clk 0:01:37]} Kh5
{[%clk 0:02:56]} 72. Rxc6 {[%clk 0:01:46]} Rxe3 {[%clk 0:02:15]} 73. Rd6
{[%clk 0:01:50]} Rc3 {[%clk 0:00:59]} 74. Rxd5+ {[%clk 0:02:12]} Kxh4
{[%clk 0:01:26]} 75. Rd8 {[%clk 0:01:53]} g5 {[%clk 0:01:19]} 76. d5
{[%clk 0:02:11]} g4 {[%clk 0:01:33]} 77. d6 {[%clk 0:02:28]} Rd3 {[%clk 0:01:44]}
78. d7 {[%clk 0:02:31]} g3 {[%clk 0:01:20]} 79. Rh8+ {[%clk 0:02:52]} Kg4
{[%clk 0:01:47]} 80. d8=Q {[%clk 0:02:51]} Rxd8 {[%clk 0:02:12]} 81. Rxd8
{[%clk 0:03:15]} g2 {[%clk 0:02:32]} 82. Rg8+ {[%clk 0:03:42]} Kf3
{[%clk 0:02:58]} 83. Rxg2 {[%clk 0:04:07]} Kxg2 {[%clk 0:03:24]} 1/2-1/2

[Event "EYCC 2024 - G12"]
[Site "?"]
[Date "2024.08.24"]
[Round "3.6"]
[White "Lampou, Marianta"]
[Black "Lackova, Lucie"]
[Result "1/2-1/2"]
[BlackElo "1605"]
[WhiteElo "1777"]
[LiveChessVersion "1.4.8"]

1. e4 {[%clk 1:30:56]} c6 {[%clk 1:30:55]} 2. d4 {[%clk 1:31:21]} d5
{[%clk 1:31:21]} 3. Nd2 {[%clk 1:31:46]} dxe4 {[%clk 1:31:44]} 4. Nxe4
{[%clk 1:32:10]} Nf6 {[%clk 1:32:07]} 5. Nxf6+ {[%clk 1:32:34]} exf6
{[%clk 1:32:30]} 6. c3 {[%clk 1:33:00]} Bd6 {[%clk 1:32:49]} 7. Bd3
{[%clk 1:33:22]} O-O {[%clk 1:33:06]} 8. Qc2 {[%clk 1:33:43]} h6 {[%clk 1:33:28]}
9. Ne2 {[%clk 1:34:00]} Qc7 {[%clk 1:33:26]} 10. h3 {[%clk 1:33:26]} b6
{[%clk 1:33:15]} 11. O-O {[%clk 1:33:18]} Bb7 {[%clk 1:32:59]} 12. c4
{[%clk 1:32:25]} Re8 {[%clk 1:29:14]} 13. Bd2 {[%clk 1:29:09]} Nd7
{[%clk 1:28:47]} 14. Rfe1 {[%clk 1:28:09]} c5 {[%clk 1:13:57]} 15. d5
{[%clk 1:27:29]} Ne5 {[%clk 1:11:20]} 16. Nc3 {[%clk 1:23:02]} Nxd3
{[%clk 1:05:57]} 17. Qxd3 {[%clk 1:22:38]} Re5 {[%clk 1:02:27]} 18. Nb5
{[%clk 1:21:39]} Qd7 {[%clk 1:01:06]} 19. Nxd6 {[%clk 1:21:44]} Qxd6
{[%clk 1:01:26]} 20. f4 {[%clk 1:21:17]} Ree8 {[%clk 1:00:26]} 21. Re4
{[%clk 1:19:28]} b5 {[%clk 0:58:09]} 22. b3 {[%clk 1:18:20]} bxc4
{[%clk 0:56:06]} 23. bxc4 {[%clk 1:18:26]} Ba6 {[%clk 0:55:20]} 24. Rae1
{[%clk 1:17:02]} Reb8 {[%clk 0:52:13]} 25. f5 {[%clk 1:15:11]} Rb2
{[%clk 0:49:31]} 26. Bf4 {[%clk 1:14:40]} Qb6 {[%clk 0:48:19]} 27. d6
{[%clk 1:10:37]} Bb7 {[%clk 0:43:05]} 28. Re8+ {[%clk 1:09:32]} Kh7
{[%clk 0:32:01]} 29. Rxa8 {[%clk 1:07:26]} Rxg2+ {[%clk 0:20:41]} 30. Kf1
{[%clk 1:05:35]} Qb2 {[%clk 0:19:09]} 31. Re2 {[%clk 0:49:27]} Qa1+
{[%clk 0:15:22]} 32. Re1 {[%clk 0:49:40]} Qb2 33. Be3 Rh2 1/2-1/2

[Event "EYCC 2024 - G12"]
[Site "?"]
[Date "2024.08.24"]
[Round "3.7"]
[White "Bassari, Senem Gul"]
[Black "Mirzaliyeva, Fatima Eldar"]
[Result "1-0"]
[BlackElo "1604"]
[WhiteElo "1774"]
[LiveChessVersion "1.4.8"]

1. e4 {[%clk 1:30:46]} c5 {[%clk 1:30:52]} 2. Nf3 {[%clk 1:30:47]} d6
{[%clk 1:31:12]} 3. d3 {[%clk 1:30:58]} Nf6 {[%clk 1:31:02]} 4. g3
{[%clk 1:31:03]} g6 {[%clk 1:30:29]} 5. Bg2 {[%clk 1:31:11]} Bg7 {[%clk 1:30:09]}
6. O-O {[%clk 1:31:27]} O-O {[%clk 1:29:33]} 7. Nc3 {[%clk 1:31:01]} Nc6
{[%clk 1:27:57]} 8. Be3 {[%clk 1:30:32]} Rb8 {[%clk 1:24:41]} 9. Qe2
{[%clk 1:26:04]} b6 {[%clk 1:21:16]} 10. h3 {[%clk 1:25:03]} Bb7 {[%clk 1:19:12]}
11. Rad1 {[%clk 1:23:50]} Re8 {[%clk 1:14:01]} 12. Qd2 {[%clk 1:22:06]} Na5
{[%clk 1:04:53]} 13. Bh6 {[%clk 1:19:21]} c4 {[%clk 0:54:40]} 14. Bxg7
{[%clk 1:16:53]} Kxg7 {[%clk 0:55:01]} 15. Rfe1 {[%clk 1:14:20]} b5
{[%clk 0:47:36]} 16. a3 {[%clk 1:09:07]} a6 {[%clk 0:46:50]} 17. d4
{[%clk 1:07:32]} e6 {[%clk 0:45:02]} 18. Nh4 {[%clk 0:57:09]} Nc6
{[%clk 0:41:11]} 19. e5 {[%clk 0:41:43]} dxe5 {[%clk 0:39:52]} 20. dxe5
{[%clk 0:40:59]} Ng8 {[%clk 0:36:48]} 21. Qf4 {[%clk 0:32:42]} Qe7
{[%clk 0:33:08]} 22. Ne4 {[%clk 0:30:14]} Red8 {[%clk 0:32:21]} 23. Qe3
{[%clk 0:18:38]} Nxe5 {[%clk 0:28:44]} 24. Nc5 {[%clk 0:08:04]} Nc6
{[%clk 0:23:10]} 25. Nxa6 {[%clk 0:04:17]} Bxa6 {[%clk 0:22:11]} 26. Bxc6
{[%clk 0:04:28]} Rd6 {[%clk 0:19:49]} 27. Qe5+ {[%clk 0:04:35]} 1-0

[Event "EYCC 2024 - G12"]
[Site "?"]
[Date "2024.08.24"]
[Round "3.8"]
[White "Sunea, Sara Maria"]
[Black "Harutyunyan, Gabriela"]
[Result "1-0"]
[BlackElo "1565"]
[WhiteElo "1871"]
[LiveChessVersion "1.4.8"]

1. d4 {[%clk 1:30:55]} d5 {[%clk 1:30:28]} 2. Nf3 {[%clk 1:31:20]} Nf6
{[%clk 1:30:42]} 3. e3 {[%clk 1:31:45]} Bf5 {[%clk 1:30:47]} 4. c4
{[%clk 1:32:07]} c6 {[%clk 1:30:15]} 5. Bd3 {[%clk 1:32:27]} Bg4 {[%clk 1:29:33]}
6. Nbd2 {[%clk 1:31:34]} e6 {[%clk 1:28:15]} 7. h3 {[%clk 1:30:45]} Bh5
{[%clk 1:28:34]} 8. Qc2 {[%clk 1:30:42]} Nbd7 {[%clk 1:26:35]} 9. O-O
{[%clk 1:29:49]} Bg6 {[%clk 1:26:25]} 10. e4 {[%clk 1:26:50]} dxe4
{[%clk 1:26:25]} 11. Nxe4 {[%clk 1:26:51]} Nxe4 {[%clk 1:26:49]} 12. Bxe4
{[%clk 1:27:18]} Nf6 {[%clk 1:26:49]} 13. Bxg6 {[%clk 1:22:28]} hxg6
{[%clk 1:27:10]} 14. Rd1 {[%clk 1:20:25]} Rc8 {[%clk 1:27:12]} 15. Qe2
{[%clk 1:19:23]} Be7 {[%clk 1:27:01]} 16. b3 {[%clk 1:17:02]} O-O
{[%clk 1:26:10]} 17. Rd3 {[%clk 1:15:21]} Qc7 {[%clk 1:25:09]} 18. Bb2
{[%clk 1:13:13]} Rfd8 {[%clk 1:24:34]} 19. Rad1 {[%clk 1:12:06]} Nh5
{[%clk 1:19:24]} 20. g3 {[%clk 1:10:06]} Qa5 {[%clk 1:13:01]} 21. d5
{[%clk 0:51:45]} cxd5 {[%clk 1:11:37]} 22. cxd5 {[%clk 0:51:14]} Bc5
{[%clk 1:05:27]} 23. dxe6 {[%clk 0:31:29]} Re8 {[%clk 1:00:03]} 24. exf7+
{[%clk 0:30:37]} Kxf7 {[%clk 1:00:25]} 25. Rd7+ {[%clk 0:22:18]} Kg8
{[%clk 0:57:33]} 26. Qc4+ {[%clk 0:20:18]} Kh7 {[%clk 0:55:36]} 27. Ng5+
{[%clk 0:18:55]} Kh6 {[%clk 0:55:36]} 28. Bxg7+ {[%clk 0:18:39]} Kxg5
{[%clk 0:55:03]} 29. Qg4# {[%clk 0:19:08]} 1-0